Sports Quiz

Random Sports or NBA Quiz

My City Won an NBA Title Quiz Stats

 Plays Quiz not verified by Sporcle

Score 0/20 Timer 04:00
0 Plays Today
% Correct
Chicago
87.5%
Los Angeles
86.5%
New York
85.4%
Boston
84.4%
Miami
82.3%
San Antonio
82.3%
Houston
81.3%
Dallas
81.3%
Philadelphia
78.1%
Portland
70.8%
% Correct
Milwaukee
69.8%
Seattle
66.7%
Minneapolis
54.2%
St. Louis
54.2%
Auburn Hills
52.1%
Oakland
46.9%
Syracuse
40.6%
Rochester
27.1%
Inglewood
16.7%
Landover
15.6%

You're not logged in!

Compare scores with friends on all Sporcle quizzes.
OR
Log In

You Might Also Like...

Show Comments

Extras

Top Quizzes Today


Score Distribution

Your Account Isn't Verified!

In order to create a playlist on Sporcle, you need to verify the email address you used during registration. Go to your Sporcle Settings to finish the process.

Report this User

Report this user for behavior that violates our Community Guidelines.

Details: